LEADER 01179nam0 22003011i 450 001 UON00449556 005 20231205105035.563 100 $a20150119d1974 |0itac50 ba 101 $aita 102 $aIT 105 $a|||| 1|||| 200 1 $aOff limits$fArthur Adamov$g[trad. di Furio Colombo, Anna Maria Galleani] 210 $aTorino$cEinaudi$d1974 215 $a91 p.$d18 cm. 316 $avalore stimato$5IT-UONSI Francese44 TeatroADA/3 410 1$1001UON00173253$12001 $aCollezione di Teatro$1210 $aTorino$cEinaudi.$v128 620 $aIT$dTorino$3UONL000014 676 $a842.914$cLetteratura drammatica francese, 1945-1999$v21 700 1$aADAMOV$bArthur$3UONV134411$0307489 702 1$aColombo$bFurio$3UONV121982 702 1$aGALLEANI$bAnna Maria$3UONV225236 712 $aEinaudi$3UONV246211$4650 801 $aIT$bSOL$c20250314$gRICA 899 $aSIBA - SISTEMA BIBLIOTECARIO DI ATENEO$2UONSI 912 $aUON00449556 950 $aSIBA - SISTEMA BIBLIOTECARIO DI ATENEO$dSI 44 Teatro ADA 3 $eSI LO 6723 7 3 valore stimato$sBuono 996 $aOff Limits$9903416 997 $aUNIOR LEADER 01793nam 2200433z- 450 001 9910346762303321 005 20210211 010 $a1000069288 035 $a(CKB)4920000000100899 035 $a(oapen)https://directory.doabooks.org/handle/20.500.12854/41060 035 $a(oapen)doab41060 035 $a(EXLCZ)994920000000100899 100 $a20202102d2017 |y 0 101 0 $aeng 135 $aurmn|---annan 181 $ctxt$2rdacontent 182 $cc$2rdamedia 183 $acr$2rdacarrier 200 00$aApplication-Specific Broadband Antennas for Microwave Medical Imaging 210 $cKIT Scientific Publishing$d2017 215 $a1 online resource (X, 147 p. p.) 225 1 $aKarlsruher Forschungsberichte aus dem Institut für Hochfrequenztechnik und Elektronik 311 08$a3-7315-0664-5 330 $aThe goal of this work is the introduction of efficient antenna structures on the basis of the requirement of different microwave imaging methods; i.e. quantitative and qualitative microwave imaging techniques. Several criteria are proposed for the evaluation of single element antenna structures for application in microwave imaging systems. The performance of the proposed antennas are evaluated in simulation and measurement scenarios. 606 $aTechnology: general issues$2bicssc 610 $aAntenna 610 $aAntenne 610 $aHochfrequenz 610 $amedical 610 $aMicrowave imaging system 610 $aMikrowelle 610 $aRadar 610 $aUltra wideband 615 7$aTechnology: general issues 700 $aJalilvand$b Malyhe$4auth$01318587 906 $aBOOK 912 $a9910346762303321 996 $aApplication-Specific Broadband Antennas for Microwave Medical Imaging$93033445 997 $aUNINA